Statistics for European Languages in Their Native Language

Click here to take the quiz!

General Stats

  • This quiz has been taken 1,043 times
    (1,001 since last reset)
  • The average score is 30 of 36

Answer Stats

LanguageEnglish% Correct
ItalianoItalian
99%
PolskiPolish
99%
EspañolSpanish
99%
EnglishEnglish
98%
FrançaisFrench
98%
DeutschGerman
98%
NederlandsDutch
97%
RomânaRomanian
96%
PortuguêsPortuguese
95%
DanskDanish
94%
NorskNorwegian
94%
ελληνικάGreek
93%
LatvijasLatvian
92%
SlovenščinaSlovenian
90%
SuomiFinnish
89%
CatalàCatalan
88%
ÍslenskaIcelandic
88%
русскийRussian
87%
MaltiMaltese
86%
SvenskaSwedish
86%
SlovenčinaSlovak
85%
українськийUkrainian
84%
GaeilgeIrish
83%
LietuvosLithuanian
83%
EestiEstonian
80%
LetzeburgeschLuxembourgish
80%
MagyarHungarian
78%
македонскиMacedonian
73%
HrvatskiCroatian
72%
ČeštinaCzech
72%
българскиBulgarian
65%
ShqipAlbanian
63%
српскиSerbian
62%
беларускіBelarusian
60%
босанскиBosnian
56%
црногорскиMontenegrin
39%

Score Distribution

Percentile by Number Answered

Percent of People with Each Score

Your Score History

You have not taken this quiz since the last reset